Orange Lightning: The Dutch Athletics Quiz (Impossible) Part 1 - Statistics

General Stats
  • This quiz has been taken 5 times
  • The average score is 33 of 72
Answer Stats
Picture Hint Answer % Correct
1500m Amina Maatoug
100%
400m Bianca Baak
100%
200m Cinsi Leerdam
100%
400m Hurdles Daan Kneppers
100%
Discus Throw Emma le Blansch
100%
Long Jump Felicia Felter
100%
800m Felien Wibbelink
100%
10000m Jasmijn Lau
100%
800m, 1500m Laila Yahyaoui
100%
400m Lies Kneppers
100%
800m Maud de Jong
100%
Decathlon Mikai Snoek
100%
100m Hurdles Milou van den Berg
100%
400m Hurdles Quinten de Vos
100%
400m Hurdles Raiza van der Krogt
100%
Heptathlon Ruby Jansen
100%
400m Hurdles Sep de Jong
100%
400m Hurdles Zoë van Gils
100%
100m Alyshia Kavehercy
50%
Marathon Anne Luijten
50%
200m Bente Jacobs
50%
Discus Throw Corinne Nugter
50%
Discus Throw Danara Dewi Stoppels
50%
110m Hurdles Eljahro Tyrone Philipsen
50%
100m Hurdles Fenna Achterberg
50%
400m Hurdles Fergus Tabor
50%
Marathon Filmon Tesfu
50%
1500m Ioann Lobles
50%
3000m Jennifer Gulikers
50%
Discus Throw Jet van der Heijden
50%
110m Hurdles Jim Putter
50%
1500m, 3000m Juan Zijderlaan
50%
3000m Kaate Mulders
50%
100m, 200m Leonie van Vliet
50%
100m Levi Steenvoorden
50%
1500m Loes Kempe
50%
400m Maureen Ellsworth
50%
Discus Throw Merijn Coenen
50%
Steeple Chase Nathan Houwaard
50%
100m, 200m Niels Karel
50%
10000m Noah Schutte
50%
100m Hurdles Sharona Bakker
50%
5000m Suzanne Harland
50%
400m Hurdles Tijm Oosterom
50%
Javelin Throw Tristen Strooper
50%
800m Vasco Mosselman
50%
100m Wouter Brus
50%
5000m Wouter van den Akker
50%
3000m, 5000m, 10000m Bart van Nunen
0%
1500m, 3000m, 5000m Bieke Schipperen
0%
1500m Bram Anderiessen
0%
1500m Britt Ummels
0%
1500m Charlene Robertson
0%
800m Danaid Prinsen
0%
Shot Put, Hammer Throw Dennis Hemelaar
0%
400m Eva Hovenkamp
0%
1500m Femke Rosbergen
0%
100m Giovanni Codrington
0%
Heptathlon Hanna van Baast
0%
3000m, 5000m Inge Lugtenberg
0%
3000m Steeple Chase Irene van der Reijken
0%
Marathon Jacelyn Gruppen
0%
800m Lieke Hoogsteen
0%
Javelin Throw Lisanne Schol
0%
1500m Marit Griep
0%
400m, 800m Rens Altorf
0%
10000m Silke Jonkman
0%
5000m Sophie van Gurp
0%
1500m, 3000m Susan Krumins
0%
200m Tessa van Schagen
0%
800m Thijmen Kupers
0%
400m Hurdles Vanessa Mercera
0%
No matching quizzes found
Score Distribution
Percent of People with Each Score
Percentile by Number Answered
Your Score History
You have not taken this quiz